000 00281nam a22001337a 4500
008 170524b xxu||||| |||| 00| 0 eng d
020 _a0070369542
041 _aeng
080 _a621.3
100 _a26
101 _aIM
245 _aIMAGINEERING
_cLEBOUEUF, M
942 _2udc
_cBK
999 _c14145
_d14145